Algebraic number theory /
Guardado en:
| Autor Principal: | |
|---|---|
| Formato: | Libro |
| Idioma: | English |
| Publicado: |
Reading, Mass. :
Addison-Wesley,
c1970.
|
| Series: | Addison-Wesley series in mathematics
|
| Etiquetas: |
Agregar Etiqueta
Sin Etiquetas, Sea el primero en etiquetar este registro!
|
| LEADER | 00627nam a22001935 4500 | ||
|---|---|---|---|
| 001 | MAT.inmabb001979 | ||
| 008 | 700915s1970####mau######b####001#0#eng#d | ||
| 005 | 20130319114630.0 | ||
| 245 | 1 | 0 | |a Algebraic number theory / |c Serge Lang. |
| 260 | |a Reading, Mass. : |b Addison-Wesley, |c c1970. | ||
| 300 | |a xi, 354 p. ; |c 24 cm. | ||
| 440 | 0 | |a Addison-Wesley series in mathematics | |
| 500 | |a "Supersedes [Lang's previous book] Algebraic numbers". | ||
| 504 | |a Bibliografía: p. 351. | ||
| 510 | 4 | |a MR, |c 44 #181 | |
| 100 | 1 | |a Lang, Serge, |d 1927-2005. | |
| 084 | |a 10.68 |2 MR | ||
| 010 | |a 73111952 | ||
| 859 | |h 11 |i L269at |p A-3627 |b BIB. MATEMATICA | ||
